LEADER 01007nam0-22003371i-450- 001 990006433810403321 005 20090313092851.0 010 $a3-7255-3889-1 035 $a000643381 035 $aFED01000643381 035 $a(Aleph)000643381FED01 035 $a000643381 100 $a20010219d1999----km-y0itay50------ba 101 0 $ager 102 $aCH 105 $ay---m---001yy 200 1 $aÜber den Staat hinaus$eEine historisch-systematische Untersuchung zu F.W.J. Schelling Rechts-und Staatsphilosophie$fMarkus Hofmann 210 $aZürich$cSchulthess$d1999 215 $a239 p.$d23 cm 225 1 $aZürcher Studien zur Rechtsgeschichte$v37 676 $a340.5$v20$zit 700 1$aHofmann,$bMarkus$0241881 801 0$aIT$bUNINA$gRICA$2UNIMARC 901 $aBK 912 $a990006433810403321 952 $aXXXVII G 55$b4621 ddr$fDDR 952 $aDissertazione A 2146$b41095*$fFGBC 959 $aDDR 959 $aFGBC 996 $aÜber den Staat hinaus$9649978 997 $aUNINA LEADER 01026nam--2200397---450- 001 990003096960203316 005 20110808094129.0 035 $a000309696 035 $aUSA01000309696 035 $a(ALEPH)000309696USA01 035 $a000309696 100 $a20080417d1947----km-y0itay50------ba 101 $afre 102 $aFR 105 $a||||||||001yy 200 1 $a<> Victorieux$eroman$fAudiberti 205 $a7. Ed. 210 $aParis$cGallimard$dcopyr. 1947 215 $c241 p.$d18 cm 225 2 $aNrf 410 0$12001$aNrf 454 1$12001 461 1$1001-------$12001 606 0 $aNarrativa francese 676 $a843 700 1$aAUDIBERTI,$bJacques$0469293 801 0$aIT$bsalbc$gISBD 912 $a990003096960203316 951 $aII.4.A.194$b3186 DSLL 959 $aBK 969 $aDSLL 979 $aDSLL$b90$c20080417$lUSA01$h1008 979 $aDSLL$b90$c20080417$lUSA01$h1009 979 $aDSLL$b90$c20110808$lUSA01$h0941 996 $aVictorieux$91019172 997 $aUNISA LEADER 05278oam 22014174 450 001 9910975152403321 005 20250426110907.0 010 $a9786613830302 010 $a9781462379071 010 $a1462379079 010 $a9781452725932 010 $a1452725934 010 $a9781283517850 010 $a128351785X 010 $a9781451908947 010 $a1451908946 035 $a(CKB)3360000000443955 035 $a(EBL)3014483 035 $a(SSID)ssj0001488785 035 $a(PQKBManifestationID)11995302 035 $a(PQKBTitleCode)TC0001488785 035 $a(PQKBWorkID)11445068 035 $a(PQKB)10368541 035 $a(OCoLC)694141162 035 $a(IMF)WPIEE2006100 035 $a(MiAaPQ)EBC3014483 035 $a(IMF)WPIEA2006100 035 $aWPIEA2006100 035 $a(EXLCZ)993360000000443955 100 $a20020129d2006 uf 0 101 0 $aeng 135 $aur|n|---||||| 181 $ctxt 182 $cc 183 $acr 200 10$aUsing the Balance Sheet Approach in Surveillance : $eFramework, Data Sources, and Data Availability /$fAnthony Pellechio, Johan Mathisen 205 $a1st ed. 210 1$aWashington, D.C. :$cInternational Monetary Fund,$d2006. 215 $a1 online resource (42 p.) 225 1 $aIMF Working Papers 300 $a"April 2006." 311 08$a9781451863604 311 08$a1451863608 320 $aIncludes bibliographical references. 327 $a""Contents""; ""I. INTRODUCTION""; ""II. MAIN OBJECTIVES OF THE BSA""; ""III. KEY FEATURES OF THE FRAMEWORK FOR ANALYSIS""; ""IV. DATA METHODOLOGIES AND AVAILABILITY FOR BALANCE SHEET ANALYSIS""; ""V. USING TIMELY, HIGH-FREQUENCY BALANCE SHEET ANALYSIS IN SURVEILLANCE""; ""VI. CONCLUSIONS""; ""REFERENCES"" 330 3 $aRecent improvements in statistical methodologies and data availability are facilitating detailed, high-frequency, timely macroeconomic balance sheet analysis. This paper provides practical instruction on how to design the framework to analyze vulnerabilities in a country as well as an overview of data sources that can be employed for this analysis. The paper also discusses how these new datasets are enhancing surveillance activities related to balance sheet vulnerabilities. 410 0$aIMF Working Papers; Working Paper ;$vNo. 2006/100 606 $aFinancial statements 606 $aFinancial crises 606 $aAccounting$2imf 606 $aBalance sheet analysis$2imf 606 $aCurrencies$2imf 606 $aFinance$2imf 606 $aFinance, Public$2imf 606 $aFinance: General$2imf 606 $aFinancial Institutions and Services: General$2imf 606 $aFinancial Instruments$2imf 606 $aFinancial instruments$2imf 606 $aFinancial reporting, financial statements$2imf 606 $aFinancial sector$2imf 606 $aFinancial services industry$2imf 606 $aFinancial statements$2imf 606 $aFiscal policy$2imf 606 $aGovernment and the Monetary System$2imf 606 $aIndustries: Financial Services$2imf 606 $aInstitutional Investors$2imf 606 $aMonetary economics$2imf 606 $aMonetary Systems$2imf 606 $aMoney and Monetary Policy$2imf 606 $aMoney$2imf 606 $aNon-bank Financial Institutions$2imf 606 $aPayment Systems$2imf 606 $aPension Funds$2imf 606 $aPublic Administration$2imf 606 $aPublic finance & taxation$2imf 606 $aPublic Finance$2imf 606 $aPublic Sector Accounting and Audits$2imf 606 $aRegimes$2imf 606 $aStandards$2imf 607 $aSouth Africa$2imf 615 0$aFinancial statements. 615 0$aFinancial crises. 615 7$aAccounting 615 7$aBalance sheet analysis 615 7$aCurrencies 615 7$aFinance 615 7$aFinance, Public 615 7$aFinance: General 615 7$aFinancial Institutions and Services: General 615 7$aFinancial Instruments 615 7$aFinancial instruments 615 7$aFinancial reporting, financial statements 615 7$aFinancial sector 615 7$aFinancial services industry 615 7$aFinancial statements 615 7$aFiscal policy 615 7$aGovernment and the Monetary System 615 7$aIndustries: Financial Services 615 7$aInstitutional Investors 615 7$aMonetary economics 615 7$aMonetary Systems 615 7$aMoney and Monetary Policy 615 7$aMoney 615 7$aNon-bank Financial Institutions 615 7$aPayment Systems 615 7$aPension Funds 615 7$aPublic Administration 615 7$aPublic finance & taxation 615 7$aPublic Finance 615 7$aPublic Sector Accounting and Audits 615 7$aRegimes 615 7$aStandards 700 $aPellechio$b Anthony$01601440 701 $aMathisen$b Johan$01816371 712 02$aInternational Monetary Fund.$bPolicy Development and Review Dept. 712 02$aInternational Monetary Fund.$bStatistics Dept. 801 0$bDcWaIMF 906 $aBOOK 912 $a9910975152403321 996 $aUsing the Balance Sheet Approach in Surveillance$94372403 997 $aUNINA